Pāriśikṣā und Sarvasaṃmataśikṣā : Rechtlautlehren der Taittirīya-śākhā /

Bibliographic Details
Main Author: Stautzebach, Ralf
Format: Book
Language:German
Sanskrit
Language Notes:German, passages in Sanskrit; summary in English.
Published: Stuttgart : F. Steiner, 1994.
Series:Beiträge zur Südasienforschung ; Bd. 163.
Subjects:

MARC

Tag First Indicator Second Indicator Subfields
LEADER 00000cam a2200000Ia 4500
001 in00001557721
005 20151022065802.0
008 950717s1994 gw b 000 0 ger d
020 |a 3515065857 
035 |a (OCoLC)ocm32826205 
040 |a EYM  |c EYM  |d IXA  |d NYP  |d TXA  |d UtOrBLW 
041 0 |a ger  |a san  |b eng 
049 |a TXAM 
090 |a PK677  |b .S73 1994 
100 1 |a Stautzebach, Ralf. 
245 1 0 |a Pāriśikṣā und Sarvasaṃmataśikṣā :  |b Rechtlautlehren der Taittirīya-śākhā /  |c von Ralf Stautzebach. 
264 1 |a Stuttgart :  |b F. Steiner,  |c 1994. 
300 |a vi, 417 pages ;  |c 24 cm. 
336 |a text  |b txt  |2 rdacontent 
337 |a unmediated  |b n  |2 rdamedia 
338 |a volume  |b nc  |2 rdacarrier 
490 1 |a Beiträge zur Südasienforschung,  |v Bd. 163 
500 |a Originally presented as the author's thesis (doctoral--Heidelberg, 1993). 
546 |a German, passages in Sanskrit; summary in English. 
504 |a Includes bibliographical references (pages 410-414). 
650 0 |a Sanskrit language  |x Phonetics. 
650 0 |a Sanskrit language  |x Grammar. 
630 0 0 |a Vedas  |x Recitation. 
830 0 |a Beiträge zur Südasienforschung ;  |v Bd. 163. 
948 |a cataloged  |b h  |c 2000/8/28  |d c  |e jgreene  |f 3:54:56 pm 
994 |a E0  |b TXA 
999 |a MARS 
999 f f |s b7ecb40e-5bbe-352a-8c6c-9acc098ab7d6  |i 2c5b71d8-c5f4-380b-bbbc-614d90ae0da8  |t 0 
952 f f |p normal  |a Texas A&M University  |b College Station  |c Sterling C. Evans Library  |d Evans: Library Stacks  |t 0  |e PK677 .S73 1994  |h Library of Congress classification  |i unmediated -- volume  |m A14826607518 
998 f f |a PK677 .S73 1994  |t 0  |l Evans: Library Stacks